A magyar választási rendszer fejlődése 1848-tól napjainkig
Elmentve itt :
| Szerző: | |
|---|---|
| További közreműködők: | |
| Dokumentumtípus: | Szakdolgozat |
| Megjelent: |
1984
|
| Tárgyszavak: | |
| Online Access: | http://diploma.bibl.u-szeged.hu/20995 |
| LEADER | 00572nta a2200157 i 4500 | ||
|---|---|---|---|
| 001 | dipl20995 | ||
| 005 | 20130314080505.0 | ||
| 008 | 111221s1984 hu om 0|| zxx d | ||
| 040 | |a SZTE Diploma Repozitórium |b hun | ||
| 041 | |a zxx | ||
| 100 | 1 | |a Mónus László | |
| 245 | 1 | 2 | |a A magyar választási rendszer fejlődése 1848-tól napjainkig |h [elektronikus dokumentum] / |c László Mónus |
| 260 | |c 1984 | ||
| 650 | 4 | |a Jogi és igazgatási tanulmányok | |
| 700 | 1 | |a nincs megadva |e ths | |
| 856 | 4 | 0 | |u http://diploma.bibl.u-szeged.hu/id/eprint/20995/1/1984_monus_laszlo.pdf |z Dokumentum-elérés |